Top 100 Achats et ventes records en ligue 1 - Statistiques

Statistiques générales
  • Ce quiz a été pris 253 fois
  • Le résultat moyen est 48 sur 99
Statistiques - réponses
Prix d'achat Club de départ Allant à Nom du joueur % Correct
120 Millions Monaco Paris Mbappe
100%
222 Millions Barcelone Paris Neymar
100%
80 Millions Lille Arsenal Pepe
89%
80 Millions Monaco Real Madrid Tchouameni
88%
75 Millions Lille Naples Osimhen
86%
64.5 Millions Naples Paris Cavani
83%
72 Millions Monaco Atlético Madrid Lemar
80%
53 Millions Lyon Arsenal Lacazette
79%
62 Millions Lyon Tottenham Ndombele
77%
27 Millions La Gantoise Lille David
76%
43 Millions Atlético Madrid Monaco Falcao
75%
35 Millions Lyon Real Madrid Benzema
74%
50 Millions Monaco Manchester City Bernardo Silva
73%
41.5 Millions Lyon Bayern Munich Tolisso
73%
50 Millions Inter Paris Icardi
71%
75 Millions Monaco Real Madrid James Rodriguez
71%
45 Millions Porto Monaco James Rodriguez
71%
60 Millions Monaco Manchester United Martial
71%
42.95 Millions Lyon West Ham Paqueta
71%
23.44 Millions Milan AC Lyon Paqueta
71%
63 Millions Manchester United Paris Di Maria
70%
42 Millions Milan AC Paris T. Silva
70%
42 Millions Palerme Paris Pastore
68%
24.70 Millions Paris AS Rome Pastore
68%
35 Millions Rennes Dortmund Dembele
66%
49.5 Millions Chelsea Paris David Luiz
65%
35 Millions Paris Chelsea David Luiz
65%
31 Millions Rennes Real Madrid Camavinga
64%
68 Millions Inter Paris Hakimi
64%
57.5 Millions Monaco Manchester City B. Mendy
63%
41.5 Millions Porto Paris Vitinha
63%
32 Millions Braga Marseille Vitinha
63%
29.3 Millions West Ham Marseille Payet
61%
36 Millions Wolfsburg Paris Draxler
59%
38.5 Millions Marseille Chelsea Drogba
59%
42.10 Millions Lyon Newcastle Guimaraes
59%
48 Millions Lyon Real Madrid F. Mendy
58%
41 Millions Bordeaux Barcelone Malcom
57%
40 Millions Seville Monaco Ben Yedder
56%
40 Millions Sao Paulo Paris Lucas Moura
55%
28.4 Millions Paris Tottenham Lucas Moura
55%
40 Millions Zenit St-Petersbourg Paris Paredes
55%
35 Millions Saint-étienne Chelsea Fofana
54%
40 Millions Paris Valence Guedes
54%
30 Millions Benfica Paris Guedes
54%
31.4 Millions AS Roma Paris Marquinhos
51%
30 Millions Saint-étienne Arsenal Saliba
50%
45 Millions Monaco Leicester Tielemans
50%
25 Millions Anderlecht Monaco Tielemans
50%
35 Millions Lille Chelsea Hazard
47%
30 Millions Rennes Watford Sarr
47%
30 Millions Everton Paris Gueye
46%
30 Millions Naples Paris Lavezzi
46%
38 Millions Sporting Paris Nuno Mendes
45%
35 Millions Bordeaux Seville Kounde
44%
37 Millions Schalke Paris Kehrer
42%
23 Millions Naples Paris Fabian Ruiz
40%
25 Millions Lyon Hertha Berlin Tousart
40%
38 Millions Monaco Chelsea Badiashile
39%
30 Millions CSKA Moscou Monaco Golovin
39%
40 Millions Monaco Chelsea Bakayoko
38%
25 Millions Lyon Barcelone Umtiti
37%
37 Millions Lille Newcastle Botman
36%
26 Millions Anderlecht Rennes Doku
36%
25 Millions Real Madrid Paris Jese Rodriguez
36%
29.5 Millions Lille Milan AC Leao
36%
30 Millions Marseille Bayern Munich Ribery
36%
39 Millions Marseille Chelsea Batshuayi
35%
28 Millions Nice Rennes Gouiri
35%
25 Millions Angers Lyon J-R Adélaïde
35%
25 Millions Monaco Paris Kurzawa
33%
25 Millions AS Roma Marseille Strootman
32%
34.5 Millions Real Madrid Paris Anelka
31%
32.25 Millions Paris Barcelone Ronaldinho
31%
35 Millions Rennes West Ham Aguerd
30%
38 Millions Lyon Chelsea Essien
30%
32 Millions Dortmund Paris Diallo
28%
30 Millions Nice Fulham J-M Seri
28%
25 Millions Paris Juventus Matuidi
28%
35 Millions Lille Everton A. Onana
27%
25 Millions Newcastle Paris Cabaye
27%
36 Millions Monaco Inter Kondogbia
26%
24 Millions Sampdoria Lyon Andersen
25%
25 Millions Paris Tottenham Aurier
25%
30 Millions Lyon Chelsea Malo Gusto
25%
25 Millions Toulouse West Ham Diop
24%
24 Millions Porto Lyon Lisandro Lopez
24%
26 Millions Lille Arsenal Gabriel
22%
26 Millions Lyon Real Madrid Mahamadou Diarra
22%
25 Millions Porto Monaco Joao Moutinho
21%
24.85 Millions Marseille Fulham Zambo Anguissa
21%
24 Millions Rennes Chelsea E. Mendy
19%
30 Millions Lazio Rome Monaco Keita Balde
19%
27.5 Millions Seville Paris Krychowiak
19%
25 Millions Rennes Southampton Sulemana
17%
23.24 Millions Monaco Juventus Trezeguet
17%
30 Millions Atlético Madrid Monaco Gelson Martins
16%
26.25 Millions Monaco Barcelone Sony Anderson
16%
25 Millions Monaco Seville Rony Lopes
7%
Aucun quiz correspondant
Distribution des résultats
% des personnes avec chaque résultat
Percentile par nombre de réponses
Votre historique - résultats
Vous n’avez pas pris ce quiz